000 00492nam a2200193Ia 4500
008 240729s9999 xx 000 0 und d
022 _a2075-4655
245 0 _aEpigenomes
260 _aSwitzerland
260 _bMDPI AG
650 _a Biology (General)
650 _a Biotechnology
650 _a Chemical technology
650 _a Genetics | Technology
650 _aScience
856 _uhttps://doaj.org/toc/f42dda0d92924badbd7e72036f8e0f12
942 _2ddc
942 _cDOAJEJ
999 _c69503
_d69503
945 _a1
_bMadushi Gamage
_c1
_dMadushi Gamage